FIFA World Cup- Debutants since 2002 - Statistics

General Stats
  • This quiz has been taken 11 times
  • The average score is 14 of 18
Answer Stats
Year Confederation Country % Correct
2026 AFC Uzbekistan
100%
2026 AFC Jordan
91%
2018 CONCACAF Panama
91%
2002 CAF Senegal
91%
2002 UEFA Slovenia
91%
2026 CONCACAF Curaçao
82%
2006 CAF Ghana
82%
2022 AFC Qatar
82%
2010 UEFA Slovakia
82%
2006 CAF Togo
82%
2006 CAF Angola
73%
2014 UEFA Bosnia and Herzegovina
73%
2026 CAF Cape Verde
73%
2002 AFC China
73%
2018 UEFA Iceland
64%
2006 CAF Ivory Coast
64%
2006 UEFA Ukraine
64%
2002 CONMEBOL Ecuador
55%
No matching quizzes found
Score Distribution
Percent of People with Each Score
Percentile by Number Answered
Your Score History
You have not taken this quiz